[Event "Rio de Janeiro Regional Sudeste"]
[Site "Rio de Janeiro"]
[Date "2013.03.30"]
[Round "3"]
[White "Barbosa, Tiago Sobreira"]
[Black "Manzi, Luiz Antonio Bardao"]
[Result "1-0"]
[WhiteElo "1897"]
[BlackElo "2120"]
[PlyCount "97"]
[EventDate "2013.03.29"]
[EventType "swiss"]
[EventRounds "6"]
[EventCountry "BRA"]
[SourceTitle "CBM 153 Extra"]
[Source "ChessBase"]
[SourceDate "2013.04.22"]
[SourceVersion "1"]
[SourceVersionDate "2013.04.22"]
[SourceQuality "1"]

1. d4 Nf6 2. Nf3 e6 3. c4 d5 4. Nc3 Be7 5. Bg5 Nbd7 6. e3 c6 7. Rc1 0-0 8. Qc2 h6 9. Bh4 a6 10. cxd5 exd5 11. h3 Re8 12. Bd3 Ne4 13. Bxe7 Qxe7 14. 0-0 f5 15. a3 Kh8 16. Qe2 g5 17. Nh2 Kg7 18. Rfe1 Nf8 19. Na4 Be6 20. f3 Nf6 21. Nc5 Bc8 22. Qc2 Ng6 23. Bxf5 Nh4 24. Bxc8 Raxc8 25. b4 Rc7 26. a4 Rec8 27. g3 Ng6 28. Qf5 Qd6 29. Ne6+ Kf7 30. Nxc7 Qxg3+ 31. Kh1 Nh4 32. Qe6+ Kg6 33. Rg1 Qxc7 34. Ng4 Rf8 35. f4 Qc8 36. Qxc8 Rxc8 37. Ne5+ Kh5 38. fxg5 hxg5 39. b5 axb5 40. axb5 Ne4 41. bxc6 Nf2+ 42. Kh2 bxc6 43. Rc2 Ne4 44. Rf1 c5 45. dxc5 Re8 46. Ng4 Rc8 47. Nf6+ Kg6 48. Nxd5 Nf5 49. Rxf5 1-0

[Event "Rio de Janeiro Regional Sudeste"]
[Site "Rio de Janeiro"]
[Date "2013.03.30"]
[Round "4"]
[White "Dias da Silva, Adriano"]
[Black "Barbosa, Tiago Sobreira"]
[Result "1/2-1/2"]
[WhiteElo "2021"]
[BlackElo "1897"]
[PlyCount "109"]
[EventDate "2013.03.29"]
[EventType "swiss"]
[EventRounds "6"]
[EventCountry "BRA"]
[SourceTitle "CBM 153 Extra"]
[Source "ChessBase"]
[SourceDate "2013.04.22"]
[SourceVersion "1"]
[SourceVersionDate "2013.04.22"]
[SourceQuality "1"]

1. e4 c5 2. c3 d5 3. exd5 Qxd5 4. d4 Nc6 5. dxc5 Qxc5 6. Be3 Qa5 7. Nf3 Nf6 8. Bc4 e6 9. 0-0 Be7 10. Nd4 Nxd4 11. Bxd4 0-0 12. Qe2 Bd7 13. Nd2 Rac8 14. b4 Qc7 15. a4 Bd6 16. h3 e5 17. Be3 b6 18. Rfc1 Bf5 19. Ba6 Rcd8 20. Qc4 Be6 21. Qxc7 Bxc7 22. c4 Nd7 23. Ne4 h6 24. c5 f5 25. cxb6 Bxb6 26. Nc5 Nxc5 27. Bxc5 Bxc5 28. Rxc5 e4 29. Rc7 Rf7 30. Rac1 Rxc7 31. Rxc7 Rd7 32. Rxd7 Bxd7 33. a5 Kf8 34. f3 exf3 35. gxf3 Ke7 36. f4 g5 37. Kf2 Kd6 38. Ke3 Kd5 39. Bd3 Bc8 40. Bb5 a6 41. Bd3 Bb7 42. Be2 Bc8 43. Bf1 Kd6 44. b5 axb5 45. Bxb5 Kc5 46. Bd3 Bd7 47. Bf1 Bc8 48. Be2 Bd7 49. a6 Kb6 50. Kd4 gxf4 51. Ke5 f3 52. Bxf3 Kxa6 53. h4 Kb6 54. Be2 f4 55. Kxf4 1/2-1/2

[Event "Rio de Janeiro Fexerj op"]
[Site "Rio de Janeiro"]
[Date "2012.09.02"]
[Round "7"]
[White "Viana, Dirceu"]
[Black "Barbosa, Tiago Sobreira"]
[Result "1/2-1/2"]
[WhiteElo "2286"]
[BlackElo "2032"]
[PlyCount "78"]
[EventDate "2012.08.25"]
[EventType "swiss"]
[EventRounds "7"]
[EventCountry "BRA"]
[SourceTitle "CBM 150 Extra"]
[Source "ChessBase"]
[SourceDate "2012.10.19"]
[SourceVersion "1"]
[SourceVersionDate "2012.10.19"]
[SourceQuality "1"]

1. e4 c5 2. Nf3 Nc6 3. Nc3 d6 4. d4 cxd4 5. Nxd4 e5 6. Nf3 Nf6 7. Bc4 Be7 8. 0-0 0-0 9. Bg5 Be6 10. Bb3 Na5 11. Qd3 Rc8 12. Bxf6 Bxf6 13. Rfd1 Be7 14. Nd5 Nxb3 15. axb3 Bxd5 16. Qxd5 Rxc2 17. Qxb7 Rc7 18. Qd5 Qb8 19. Rdc1 Rfc8 20. Rxc7 Qxc7 21. Nd2 Qb6 22. Qd3 Rb8 23. g3 g6 24. h4 Bf8 25. Kg2 h5 26. Qd5 Rc8 27. Qd3 Rb8 28. Nc4 Qxb3 29. Qxb3 Rxb3 30. Rxa7 Rb4 31. Rc7 Kg7 32. Rc6 Be7 33. Kf3 f5 34. exf5 gxf5 35. Ne3 Rb3 36. Rc3 Rxc3 37. bxc3 Kf6 38. Nd5+ Ke6 39. c4 Bd8 1/2-1/2

[Event "Rio de Janeiro Fexerj op"]
[Site "Rio de Janeiro"]
[Date "2012.08.26"]
[Round "4"]
[White "Barbosa, Tiago Sobreira"]
[Black "Rangel, Daniel"]
[Result "1/2-1/2"]
[WhiteElo "2032"]
[BlackElo "2093"]
[PlyCount "96"]
[EventDate "2012.08.25"]
[EventType "swiss"]
[EventRounds "7"]
[EventCountry "BRA"]
[SourceTitle "CBM 150 Extra"]
[Source "ChessBase"]
[SourceDate "2012.10.19"]
[SourceVersion "1"]
[SourceVersionDate "2012.10.19"]
[SourceQuality "1"]

1. d4 Nf6 2. c4 c5 3. d5 b5 4. a4 bxc4 5. Nc3 d6 6. e4 e5 7. Bxc4 g6 8. Nf3 Bg7 9. h3 0-0 10. Bg5 Qa5 11. 0-0 Ba6 12. Qe2 Bxc4 13. Qxc4 a6 14. Nd2 Nbd7 15. Qd3 Rfb8 16. Nc4 Qc7 17. a5 Rb3 18. Qc2 Rb4 19. Na4 Rb7 20. Ra3 h6 21. Bd2 g5 22. Nab6 Rd8 23. g4 Nf8 24. Ne3 Ng6 25. Nf5 Nf4 26. Bxf4 exf4 27. Qc3 Ne8 28. Nxg7 Nxg7 29. Qf6 Kh7 30. h4 Qe7 31. hxg5 hxg5 32. Rh3+ Kg8 33. Qh6 f6 34. f3 Kf7 35. Qh7 Rf8 36. Rh6 Ke8 37. Rg6 Kd8 38. b4 Ne8 39. Qxe7+ Kxe7 40. Rh6 Rc7 41. Rh7+ Rf7 42. Rxf7+ Kxf7 43. Rb1 cxb4 44. Rxb4 Rc1+ 45. Kg2 Rc2+ 46. Kf1 Rc1+ 47. Kf2 Rc2+ 48. Ke1 Rc3 1/2-1/2